| 000 | 00476nam a2200193Ia 4500 | ||
|---|---|---|---|
| 003 | OSt | ||
| 005 | 20250809110249.0 | ||
| 008 | 250729s2005 xx 000 0 und d | ||
| 020 | _a978-0706989670 | ||
| 040 | _cAL | ||
| 041 | _aeng | ||
| 082 | _a370.954 RGGL | ||
| 100 |
_aChauhan SS _9221172 |
||
| 245 | _aInnovations In teaching learning process | ||
| 260 |
_aNew Delhi _bVikas Publishing _c2005 |
||
| 300 | _a560p | ||
| 650 |
_aEducation _9221173 |
||
| 942 |
_2ddc _cBED |
||
| 999 |
_c234887 _d234887 |
||